Homen borgohainr soite kotha barta : (Record no. 8942)

MARC details
000 -LEADER
fixed length control field 00518cam a2200205ua 4500
001 - CONTROL NUMBER
control field 9943
005 - DATE AND TIME OF LATEST TRANSACTION
control field 20260515114540.0
008 - FIXED-LENGTH DATA ELEMENTS--GENERAL INFORMATION
fixed length control field 170116n ii |||gr||||Z||||||asm
020 ## - INTERNATIONAL STANDARD BOOK NUMBER
International Standard Book Number 9789382726142
040 ## - CATALOGING SOURCE
Transcribing agency MAIN
041 ## - LANGUAGE CODE
Language code of text/sound track or separate title asm
082 ## - DEWEY DECIMAL CLASSIFICATION NUMBER
Classification number 891.451
100 ## - MAIN ENTRY--PERSONAL NAME
Personal name Saikia, Nitumoni,
Relator term Author.
245 ## - TITLE STATEMENT
Title Homen borgohainr soite kotha barta :
Remainder of title V. 1 /
Statement of responsibility, etc. By Nitumoni Saikia .
250 ## - EDITION STATEMENT
Edition statement 2nd ed.
260 ## - PUBLICATION, DISTRIBUTION, ETC.
Place of publication, distribution, etc. Guwahati:
Name of publisher, distributor, etc. Aank baak,
Date of publication, distribution, etc. 2013.
300 ## - PHYSICAL DESCRIPTION
Extent 269p.
653 ## - INDEX TERM--UNCONTROLLED
Uncontrolled term Asamiya prabandha
942 ## - ADDED ENTRY ELEMENTS (KOHA)
Koha item type Books
Holdings
Withdrawn status Lost status Damaged status Not for loan Home library Current library Shelving location Date acquired Total checkouts Full call number Barcode Date last seen Copy number Price effective from Koha item type
        Naharkatiya College Library Naharkatiya College Library General stacks 09/19/2020   891.451 | SAI 21807 09/19/2020 2 09/19/2020 Books
        Naharkatiya College Library Naharkatiya College Library General stacks 09/19/2020   891.451 | SAI 22168 09/19/2020 1 09/19/2020 Books